[Event "5th European Small Nations"]
[Site "Andorra la Vella"]
[Date "2017.11.17"]
[Round "8.4"]
[White "Gengler, Pierre"]
[Black "Kahn, Tito"]
[Result "1/2-1/2"]
[BlackElo "1869"]
[WhiteElo "2192"]
[LiveChessVersion "1.4.8"]

1. g3 {[%clk 1:30:58]} c5 {[%clk 1:30:44]} 2. Bg2 {[%clk 1:31:24]} g6
{[%clk 1:31:01]} 3. Nf3 {[%clk 1:30:26]} Bg7 {[%clk 1:31:26]} 4. O-O
{[%clk 1:30:52]} Nc6 {[%clk 1:31:49]} 5. e4 {[%clk 1:30:37]} e5 {[%clk 1:31:15]}
6. d3 {[%clk 1:26:19]} d6 {[%clk 1:31:31]} 7. Be3 {[%clk 1:26:35]} Nf6
{[%clk 1:31:17]} 8. h3 {[%clk 1:27:00]} O-O {[%clk 1:31:37]} 9. Qd2
{[%clk 1:27:24]} Be6 {[%clk 1:27:18]} 10. Bh6 {[%clk 1:21:38]} Re8
{[%clk 1:14:14]} 11. Bxg7 {[%clk 1:20:37]} Kxg7 {[%clk 1:14:43]} 12. Ng5
{[%clk 1:20:20]} h6 {[%clk 1:08:27]} 13. Nxe6+ {[%clk 1:20:30]} fxe6
{[%clk 1:08:55]} 14. Nc3 {[%clk 1:19:31]} Qe7 {[%clk 1:09:16]} 15. Ne2
{[%clk 1:15:04]} Nd4 {[%clk 1:05:25]} 16. Nc3 {[%clk 1:01:52]} Nh5
{[%clk 1:04:33]} 17. Rae1 {[%clk 0:53:34]} Rf8 {[%clk 1:04:37]} 18. Nd1
{[%clk 0:46:06]} Nf3+ {[%clk 0:56:15]} 19. Bxf3 {[%clk 0:46:32]} Rxf3
{[%clk 0:56:43]} 20. Ne3 {[%clk 0:34:00]} Raf8 {[%clk 0:37:58]} 21. Ng4
{[%clk 0:33:54]} g5 {[%clk 0:37:44]} 22. Kg2 {[%clk 0:30:09]} Kg6
{[%clk 0:35:57]} 23. h4 {[%clk 0:23:18]} R3f7 {[%clk 0:35:05]} 24. Rh1
{[%clk 0:18:01]} Rh7 {[%clk 0:35:02]} 25. hxg5 {[%clk 0:11:46]} hxg5
{[%clk 0:26:49]} 26. Rh2 {[%clk 0:09:18]} Rfh8 {[%clk 0:26:26]} 27. Reh1
{[%clk 0:09:35]} Nf6 {[%clk 0:24:56]} 28. Rxh7 {[%clk 0:09:11]} Rxh7
{[%clk 0:25:14]} 29. Rxh7 {[%clk 0:09:10]} Qxh7 {[%clk 0:24:59]} 30. Nxf6
{[%clk 0:09:14]} Kxf6 {[%clk 0:25:18]} 31. Qa5 {[%clk 0:09:01]} b6
{[%clk 0:25:08]} 32. Qa4 {[%clk 0:09:24]} Qb7 {[%clk 0:10:27]} 33. Qe8
{[%clk 0:09:32]} c4 {[%clk 0:08:38]} 34. Qf8+ {[%clk 0:09:04]} Kg6
{[%clk 0:08:41]} 35. Qxd6 {[%clk 0:08:32]} Kf6 {[%clk 0:08:33]} 36. Qf8+
{[%clk 0:06:45]} Kg6 {[%clk 0:08:16]} 37. Qg8+ {[%clk 0:07:04]} Kf6
{[%clk 0:06:25]} 38. Qh8+ {[%clk 0:07:29]} Kg6 {[%clk 0:06:24]} 39. g4
{[%clk 0:07:48]} Qe7 {[%clk 0:03:52]} 40. Qxe5 {[%clk 0:37:41]} cxd3
{[%clk 0:33:46]} 41. cxd3 {[%clk 0:38:06]} Qf7 {[%clk 0:33:12]} 42. d4
{[%clk 0:38:13]} Qd7 {[%clk 0:33:34]} 43. f3 {[%clk 0:38:02]} Qc6
{[%clk 0:31:41]} 44. Kh3 {[%clk 0:37:33]} Qc1 {[%clk 0:31:11]} 45. Qxe6+
{[%clk 0:37:48]} Kh7 {[%clk 0:29:07]} 46. Qf5+ {[%clk 0:30:24]} Kg8
{[%clk 0:28:35]} 47. Qd5+ {[%clk 0:29:20]} Kh7 {[%clk 0:28:48]} 48. Qf5+
{[%clk 0:17:57]} Kg8 {[%clk 0:28:39]} 49. Qg6+ {[%clk 0:18:23]} Kh8
{[%clk 0:28:07]} 50. Qe8+ {[%clk 0:12:36]} Kh7 {[%clk 0:27:49]} 51. Qe7+
{[%clk 0:08:35]} Kg8 {[%clk 0:27:55]} 52. Qd8+ {[%clk 0:04:40]} Kh7
{[%clk 0:27:50]} 53. Qd7+ {[%clk 0:05:01]} Kg8 {[%clk 0:27:57]} 54. Qd5+
{[%clk 0:04:38]} Kh7 {[%clk 0:27:47]} 55. Qe5 {[%clk 0:01:43]} Qh1+
{[%clk 0:26:27]} 56. Qh2 {[%clk 0:02:01]} Qxf3+ {[%clk 0:26:26]} 57. Qg3
{[%clk 0:02:26]} Qh1+ {[%clk 0:25:38]} 58. Qh2 {[%clk 0:02:52]} Qf3+
{[%clk 0:26:02]} 59. Qg3 1/2-1/2

[Event "5th European Small Nations"]
[Site "Andorra la Vella"]
[Date "2017.11.17"]
[Round "8.5"]
[White "Efimov, Igor"]
[Black "De La Riva Aguado, Oscar"]
[Result "1-0"]
[BlackElo "2482"]
[WhiteElo "2397"]
[LiveChessVersion "1.4.8"]

1. d4 {[%clk 1:29:58]} f5 {[%clk 1:30:43]} 2. g3 {[%clk 1:25:30]} Nf6
{[%clk 1:30:36]} 3. Bg2 {[%clk 1:25:35]} g6 {[%clk 1:30:31]} 4. c3
{[%clk 1:25:39]} Bg7 {[%clk 1:30:43]} 5. Qb3 {[%clk 1:25:50]} Nc6
{[%clk 1:27:24]} 6. Nh3 {[%clk 1:23:50]} e6 {[%clk 1:17:31]} 7. Nf4
{[%clk 1:23:26]} d5 {[%clk 1:00:58]} 8. h4 {[%clk 1:22:27]} Ne4 {[%clk 1:01:16]}
9. Nd2 {[%clk 1:21:07]} b6 {[%clk 0:44:28]} 10. Nxe4 {[%clk 1:07:41]} fxe4
{[%clk 0:44:41]} 11. f3 {[%clk 1:07:45]} exf3 {[%clk 0:36:20]} 12. Bxf3
{[%clk 1:07:53]} Qd6 {[%clk 0:35:15]} 13. Be3 {[%clk 0:51:59]} Bd7
{[%clk 0:32:47]} 14. O-O-O {[%clk 0:50:39]} O-O-O {[%clk 0:32:42]} 15. Nd3
{[%clk 0:50:33]} h6 {[%clk 0:24:17]} 16. Bf4 {[%clk 0:50:06]} Qe7
{[%clk 0:24:42]} 17. e4 {[%clk 0:50:22]} g5 {[%clk 0:24:24]} 18. Bd2
{[%clk 0:41:38]} Na5 {[%clk 0:12:13]} 19. Qc2 {[%clk 0:41:37]} Nc4
{[%clk 0:12:37]} 20. exd5 {[%clk 0:40:49]} exd5 {[%clk 0:13:03]} 21. Bxd5
{[%clk 0:41:10]} Nxd2 {[%clk 0:13:29]} 22. Qxd2 {[%clk 0:39:30]} gxh4
{[%clk 0:12:20]} 23. gxh4 {[%clk 0:38:41]} h5 {[%clk 0:09:16]} 24. Qg2
{[%clk 0:37:30]} Bf5 {[%clk 0:06:31]} 25. Rhe1 {[%clk 0:33:56]} Bh6+
{[%clk 0:06:57]} 26. Kc2 {[%clk 0:34:21]} Qh7 {[%clk 0:04:02]} 27. Re5
{[%clk 0:27:19]} Rhf8 {[%clk 0:03:35]} 28. Bc4 {[%clk 0:22:46]} Kb8
{[%clk 0:04:00]} 29. Rde1 {[%clk 0:22:56]} Bg4 {[%clk 0:04:04]} 30. Re7
{[%clk 0:22:01]} Qf5 {[%clk 0:04:22]} 31. Qc6 {[%clk 0:21:36]} Bf4
{[%clk 0:04:29]} 32. Ba6 {[%clk 0:21:07]} 1-0

[Event "5th European Small Nations"]
[Site "Andorra la Vella"]
[Date "2017.11.17"]
[Round "8.6"]
[White "Norwood, David R"]
[Black "Berezovsky, Igor"]
[Result "1/2-1/2"]
[BlackElo "2378"]
[WhiteElo "2505"]
[LiveChessVersion "1.4.8"]

1. Nf3 {[%clk 1:30:48]} c5 {[%clk 1:30:16]} 2. c4 {[%clk 1:30:50]} g6
{[%clk 1:30:21]} 3. e4 {[%clk 1:24:39]} Qa5 {[%clk 1:27:20]} 4. b4
{[%clk 1:10:01]} Qxb4 {[%clk 1:25:07]} 5. Nc3 {[%clk 1:03:30]} Qa5
{[%clk 1:19:38]} 6. Bb2 {[%clk 0:54:59]} Bg7 {[%clk 1:19:02]} 7. Qb3
{[%clk 0:51:53]} d6 {[%clk 0:58:15]} 8. Nd5 {[%clk 0:48:36]} e5 {[%clk 0:47:48]}
9. h4 {[%clk 0:30:30]} Ne7 {[%clk 0:42:22]} 10. h5 {[%clk 0:27:58]} Nxd5
{[%clk 0:41:30]} 11. cxd5 {[%clk 0:27:20]} Nd7 {[%clk 0:35:04]} 12. a4
{[%clk 0:22:46]} Qd8 {[%clk 0:30:05]} 13. Qe3 {[%clk 0:20:43]} a6
{[%clk 0:24:12]} 14. a5 {[%clk 0:19:32]} Nf8 {[%clk 0:22:28]} 15. Bc3
{[%clk 0:15:55]} Rb8 {[%clk 0:18:12]} 16. Bd3 {[%clk 0:14:03]} h6
{[%clk 0:17:20]} 17. hxg6 {[%clk 0:12:55]} Nxg6 {[%clk 0:17:26]} 18. g3
{[%clk 0:10:40]} h5 {[%clk 0:17:37]} 19. Nh4 {[%clk 0:09:24]} Nxh4
{[%clk 0:17:05]} 20. Rxh4 {[%clk 0:09:49]} Bf6 {[%clk 0:16:59]} 21. Rh1
{[%clk 0:09:23]} h4 {[%clk 0:16:53]} 22. gxh4 {[%clk 0:09:18]} b5
{[%clk 0:13:59]} 23. axb6 {[%clk 0:09:15]} Qxb6 {[%clk 0:14:17]} 24. h5
{[%clk 0:09:28]} c4 {[%clk 0:13:12]} 25. Qxb6 {[%clk 0:09:27]} Rxb6
{[%clk 0:13:39]} 26. Bxc4 {[%clk 0:09:49]} Bg4 {[%clk 0:13:13]} 27. Be2
{[%clk 0:08:55]} Bc8 {[%clk 0:11:35]} 28. Rg1 {[%clk 0:08:12]} Ke7
{[%clk 0:11:34]} 29. Rc1 {[%clk 0:07:35]} Bd7 {[%clk 0:11:21]} 30. Rh1
{[%clk 0:06:24]} Bb5 {[%clk 0:10:46]} 31. Rb1 {[%clk 0:05:57]} Rbb8
{[%clk 0:09:53]} 32. Bxb5 {[%clk 0:05:55]} axb5 {[%clk 0:09:00]} 33. Ke2
{[%clk 0:06:13]} Bg5 {[%clk 0:08:01]} 34. Bb4 {[%clk 0:06:00]} Kd7
{[%clk 0:03:56]} 35. Ra1 {[%clk 0:05:58]} Rb7 {[%clk 0:03:37]} 36. Ra6
{[%clk 0:04:56]} Rh6 {[%clk 0:04:02]} 37. Rc6 {[%clk 0:03:20]} Be7
{[%clk 0:02:45]} 38. Rh3 {[%clk 0:03:36]} Rc7 {[%clk 0:02:19]} 39. Rxc7+
{[%clk 0:02:55]} Kxc7 {[%clk 0:02:48]} 40. d3 {[%clk 0:32:31]} Bg5
{[%clk 0:32:19]} 41. Rh1 {[%clk 0:25:24]} Kd7 {[%clk 0:27:05]} 42. Kf3
{[%clk 0:21:22]} Rh7 {[%clk 0:16:35]} 43. Kg4 {[%clk 0:20:40]} Rg7
{[%clk 0:17:02]} 44. Kf3 {[%clk 0:11:21]} Rh7 {[%clk 0:16:41]} 45. Ra1
{[%clk 0:05:58]} Be7 {[%clk 0:16:39]} 46. Ra7+ {[%clk 0:05:52]} Ke8
{[%clk 0:16:56]} 47. Ra6 {[%clk 0:05:05]} Kd7 {[%clk 0:14:54]} 48. Rb6
{[%clk 0:05:26]} Rxh5 {[%clk 0:15:04]} 49. Rb7+ {[%clk 0:05:50]} Ke8
{[%clk 0:15:08]} 50. Rxb5 {[%clk 0:06:13]} f5 {[%clk 0:14:14]} 51. Rb7
{[%clk 0:05:29]} Rh3+ {[%clk 0:13:41]} 52. Ke2 {[%clk 0:05:50]} fxe4
{[%clk 0:14:03]} 53. dxe4 {[%clk 0:06:15]} Kd8 {[%clk 0:11:34]} 54. Bd2
{[%clk 0:06:06]} Ke8 {[%clk 0:10:59]} 55. Be3 {[%clk 0:06:19]} Rh1
{[%clk 0:10:47]} 56. Kf3 {[%clk 0:05:54]} Rg1 {[%clk 0:11:08]} 57. Ra7
{[%clk 0:05:34]} Rg6 {[%clk 0:11:05]} 58. Ke2 {[%clk 0:05:58]} Bg5
{[%clk 0:10:53]} 59. Bb6 {[%clk 0:05:04]} Be7 {[%clk 0:10:52]} 60. Ra1
{[%clk 0:04:51]} Rg4 {[%clk 0:11:01]} 61. Kd3 {[%clk 0:05:07]} Kd7
{[%clk 0:10:30]} 62. Be3 {[%clk 0:05:28]} Bd8 {[%clk 0:09:47]} 63. Ra7+
{[%clk 0:04:59]} Ke8 {[%clk 0:09:57]} 64. Rh7 {[%clk 0:04:31]} Be7
{[%clk 0:10:11]} 65. Rh5 {[%clk 0:04:47]} Kd7 {[%clk 0:10:08]} 66. Rf5
{[%clk 0:04:42]} Rh4 {[%clk 0:10:12]} 67. f3 {[%clk 0:02:47]} Rh8
{[%clk 0:09:35]} 68. Bg5 {[%clk 0:01:59]} Bxg5 {[%clk 0:09:08]} 69. Rxg5
{[%clk 0:02:23]} Rh1 {[%clk 0:08:35]} 70. Rg7+ {[%clk 0:02:47]} Ke8
{[%clk 0:08:41]} 71. Ke3 {[%clk 0:02:54]} Rh3 {[%clk 0:08:53]} 72. Kf2
{[%clk 0:03:16]} Rh1 {[%clk 0:09:01]} 73. Ra7 {[%clk 0:03:32]} Kd8
{[%clk 0:09:11]} 74. Kg2 {[%clk 0:03:13]} Rh4 {[%clk 0:09:22]} 75. Kg3
{[%clk 0:03:36]} Rf4 {[%clk 0:09:43]} 76. Rg7 {[%clk 0:03:48]} Rf6
{[%clk 0:09:22]} 77. Rg4 {[%clk 0:03:59]} Ke7 {[%clk 0:09:30]} 78. f4
{[%clk 0:03:29]} exf4+ {[%clk 0:09:53]} 79. Rxf4 {[%clk 0:03:52]} Rg6+
{[%clk 0:09:59]} 80. Rg4 {[%clk 0:03:43]} Rf6 {[%clk 0:10:02]} 81. Rg7+
{[%clk 0:03:56]} Kf8 {[%clk 0:09:28]} 82. Ra7 {[%clk 0:03:29]} Ke8
{[%clk 0:09:16]} 83. Kg4 {[%clk 0:03:51]} Rf1 {[%clk 0:09:35]} 84. Ra3
{[%clk 0:03:02]} Ke7 {[%clk 0:09:17]} 85. Rf3 {[%clk 0:03:27]} Re1
{[%clk 0:09:33]} 86. Kf4 {[%clk 0:03:46]} Kf6 {[%clk 0:09:17]} 87. Rh3
{[%clk 0:03:20]} Rf1+ {[%clk 0:09:13]} 88. Ke3 {[%clk 0:03:43]} Re1+
{[%clk 0:09:30]} 89. Kd3 {[%clk 0:04:05]} Rd1+ {[%clk 0:08:36]} 90. Ke2
{[%clk 0:03:39]} Ra1 {[%clk 0:08:23]} 91. Rh6+ {[%clk 0:03:50]} Ke7
{[%clk 0:07:51]} 92. Kd3 {[%clk 0:03:16]} Ra3+ {[%clk 0:07:56]} 93. Kc4
{[%clk 0:03:13]} Ra1 {[%clk 0:06:26]} 94. Kb5 {[%clk 0:03:33]} Rc1
{[%clk 0:06:34]} 95. Kb6 {[%clk 0:03:39]} Rb1+ {[%clk 0:06:48]} 96. Kc6
{[%clk 0:02:40]} Rc1+ {[%clk 0:07:14]} 97. Kb5 {[%clk 0:03:04]} Rb1+
{[%clk 0:07:38]} 98. Kc4 {[%clk 0:02:56]} Rc1+ {[%clk 0:07:56]} 99. Kd3
{[%clk 0:03:03]} Rf1 {[%clk 0:07:46]} 100. Rh7+ {[%clk 0:03:21]} Kd8
{[%clk 0:07:01]} 101. Kc4 {[%clk 0:02:50]} Rc1+ {[%clk 0:06:52]} 102. Kb5
{[%clk 0:03:15]} Rc5+ {[%clk 0:06:37]} 103. Kb6 {[%clk 0:03:15]} Rc4
{[%clk 0:07:05]} 104. Rg7 {[%clk 0:03:29]} Rc1 {[%clk 0:07:03]} 1/2-1/2

[Event "5th European Small Nations"]
[Site "Andorra la Vella"]
[Date "2017.11.17"]
[Round "8.7"]
[White "Villegas, Pierre"]
[Black "Aloma Vidal, Robert"]
[Result "0-1"]
[BlackElo "2440"]
[WhiteElo "2309"]
[LiveChessVersion "1.4.8"]

1. d4 {[%clk 1:30:57]} Nf6 {[%clk 1:29:28]} 2. c4 {[%clk 1:31:17]} e6
{[%clk 1:29:53]} 3. Nc3 {[%clk 1:31:36]} Bb4 {[%clk 1:30:18]} 4. e3
{[%clk 1:31:31]} O-O {[%clk 1:30:34]} 5. Nge2 {[%clk 1:30:27]} c6
{[%clk 1:30:58]} 6. a3 {[%clk 1:30:08]} Ba5 {[%clk 1:31:22]} 7. Ng3
{[%clk 1:28:01]} d5 {[%clk 1:30:24]} 8. Be2 {[%clk 1:28:17]} dxc4
{[%clk 1:28:52]} 9. Bxc4 {[%clk 1:28:03]} c5 {[%clk 1:29:15]} 10. O-O
{[%clk 1:23:16]} Nc6 {[%clk 1:16:20]} 11. Nge2 {[%clk 1:06:20]} cxd4
{[%clk 1:04:49]} 12. exd4 {[%clk 1:06:38]} Bc7 {[%clk 1:03:57]} 13. Ba2
{[%clk 0:46:00]} h6 {[%clk 0:58:45]} 14. d5 {[%clk 0:42:39]} exd5
{[%clk 0:57:56]} 15. Nxd5 {[%clk 0:42:48]} Nxd5 {[%clk 0:58:01]} 16. Qxd5
{[%clk 0:39:47]} Qf6 {[%clk 0:50:01]} 17. Bb1 {[%clk 0:36:43]} Re8
{[%clk 0:42:38]} 18. Ng3 {[%clk 0:34:47]} Bg4 {[%clk 0:24:13]} 19. Qd3
{[%clk 0:32:02]} g6 {[%clk 0:24:34]} 20. Be3 {[%clk 0:19:12]} Rad8
{[%clk 0:23:00]} 21. Qb3 {[%clk 0:17:04]} Nd4 {[%clk 0:20:32]} 22. Bxd4
{[%clk 0:16:31]} Rxd4 {[%clk 0:20:15]} 23. Qxb7 {[%clk 0:12:45]} Bb6
{[%clk 0:18:54]} 24. Kh1 {[%clk 0:08:49]} h5 {[%clk 0:08:04]} 25. Ne4
{[%clk 0:05:42]} Qf4 {[%clk 0:07:56]} 26. f3 {[%clk 0:04:02]} Be6
{[%clk 0:04:21]} 27. Ba2 {[%clk 0:03:24]} Bxa2 {[%clk 0:04:24]} 28. Rxa2
{[%clk 0:03:53]} Rdxe4 {[%clk 0:04:36]} 0-1

[Event "5th European Small Nations"]
[Site "Andorra la Vella"]
[Date "2017.11.17"]
[Round "8.8"]
[White "Garcia Paolicchi, Raul"]
[Black "Ribbegren, Karl Johan"]
[Result "0-1"]
[BlackElo "2252"]
[WhiteElo "2150"]
[LiveChessVersion "1.4.8"]

1. d4 {[%clk 1:30:56]} Nf6 {[%clk 1:30:52]} 2. c4 {[%clk 1:31:01]} c5
{[%clk 1:30:48]} 3. d5 {[%clk 1:31:24]} e5 {[%clk 1:30:36]} 4. Nc3
{[%clk 1:31:41]} d6 {[%clk 1:30:51]} 5. e4 {[%clk 1:31:48]} Nbd7 {[%clk 1:30:46]}
6. Bd3 {[%clk 1:31:48]} Be7 {[%clk 1:30:30]} 7. Nge2 {[%clk 1:26:18]} h5
{[%clk 1:27:30]} 8. h3 {[%clk 1:20:39]} h4 {[%clk 1:23:58]} 9. Be3
{[%clk 1:18:51]} a6 {[%clk 1:23:34]} 10. Qd2 {[%clk 1:10:23]} Nf8
{[%clk 1:22:05]} 11. a3 {[%clk 1:09:40]} Nh5 {[%clk 1:20:18]} 12. Qc2
{[%clk 0:40:32]} Ng6 {[%clk 1:18:40]} 13. Qd2 {[%clk 0:40:49]} Bd7
{[%clk 1:17:35]} 14. O-O-O {[%clk 0:40:23]} Rb8 {[%clk 1:15:00]} 15. a4
{[%clk 0:36:29]} Qa5 {[%clk 1:11:01]} 16. b3 {[%clk 0:36:38]} Nhf4
{[%clk 1:05:34]} 17. Rhg1 {[%clk 0:33:24]} Nxd3+ {[%clk 0:52:58]} 18. Qxd3
{[%clk 0:33:43]} b5 {[%clk 0:52:42]} 19. axb5 {[%clk 0:27:33]} axb5
{[%clk 0:52:30]} 20. cxb5 {[%clk 0:27:19]} Bxb5 {[%clk 0:51:51]} 21. Nxb5
{[%clk 0:26:52]} Rxb5 {[%clk 0:52:02]} 22. Kb2 {[%clk 0:21:13]} Nf4
{[%clk 0:50:02]} 23. Nxf4 {[%clk 0:15:17]} exf4 {[%clk 0:49:26]} 24. Bd2
{[%clk 0:15:00]} Bf6+ {[%clk 0:49:22]} 25. Bc3 {[%clk 0:15:12]} c4
{[%clk 0:48:55]} 26. Qxc4 {[%clk 0:13:50]} Rc5 {[%clk 0:43:34]} 27. e5
{[%clk 0:13:18]} Bxe5 {[%clk 0:41:16]} 28. Rge1 {[%clk 0:13:29]} Rxc4
{[%clk 0:40:16]} 29. Rxe5+ {[%clk 0:13:48]} dxe5 {[%clk 0:40:39]} 30. Bxa5
{[%clk 0:14:13]} Re4 {[%clk 0:40:25]} 31. Rd2 {[%clk 0:12:46]} Kd7
{[%clk 0:40:34]} 32. Bb6 {[%clk 0:07:54]} Rb8 {[%clk 0:38:49]} 33. Bc5
{[%clk 0:07:44]} Rc4 {[%clk 0:38:49]} 34. Rc2 {[%clk 0:06:52]} Rxc2+
{[%clk 0:34:18]} 35. Kxc2 {[%clk 0:07:20]} f5 {[%clk 0:34:00]} 36. b4
{[%clk 0:05:56]} g5 {[%clk 0:33:14]} 37. f3 {[%clk 0:03:58]} g4 {[%clk 0:29:19]}
38. Kc3 {[%clk 0:03:11]} e4 {[%clk 0:25:37]} 39. hxg4 {[%clk 0:02:07]} exf3
{[%clk 0:25:26]} 40. gxf3 {[%clk 0:32:29]} h3 {[%clk 0:55:29]} 41. Bg1
{[%clk 0:32:51]} fxg4 {[%clk 0:55:34]} 42. fxg4 {[%clk 0:33:00]} f3
{[%clk 0:55:44]} 43. Kd4 0-1

[Event "5th European Small Nations"]
[Site "Andorra la Vella"]
[Date "2017.11.17"]
[Round "8.9"]
[White "Ziska, Helgi Dam"]
[Black "Antoniou, Antonis"]
[Result "1-0"]
[BlackElo "2164"]
[WhiteElo "2543"]
[LiveChessVersion "1.4.8"]

1. e4 {[%clk 1:30:54]} e5 {[%clk 1:30:57]} 2. Nf3 {[%clk 1:31:12]} Nc6
{[%clk 1:31:22]} 3. Bb5 {[%clk 1:30:51]} Nf6 {[%clk 1:31:46]} 4. d3
{[%clk 1:30:25]} Bc5 {[%clk 1:32:08]} 5. Nc3 {[%clk 1:29:36]} h6 {[%clk 1:30:03]}
6. O-O {[%clk 1:23:35]} d6 {[%clk 1:30:20]} 7. Na4 {[%clk 1:22:21]} Bb6
{[%clk 1:30:14]} 8. c3 {[%clk 1:22:22]} O-O {[%clk 1:30:40]} 9. h3
{[%clk 1:17:52]} Ne7 {[%clk 1:30:10]} 10. Nxb6 {[%clk 1:17:54]} axb6
{[%clk 1:30:34]} 11. Ba4 {[%clk 1:17:55]} Ng6 {[%clk 1:30:57]} 12. Bc2
{[%clk 1:14:57]} Nh7 {[%clk 1:30:12]} 13. d4 {[%clk 0:59:37]} Qf6
{[%clk 1:30:35]} 14. Nh2 {[%clk 0:58:00]} Qh4 {[%clk 1:20:04]} 15. Nf3
{[%clk 0:55:42]} Qf6 {[%clk 1:19:40]} 16. Nh2 {[%clk 0:56:01]} Qh4
{[%clk 1:20:04]} 17. Qd3 {[%clk 0:54:03]} Nf4 {[%clk 1:02:13]} 18. Bxf4
{[%clk 0:54:25]} Qxf4 {[%clk 1:02:41]} 19. Nf3 {[%clk 0:51:26]} Ng5
{[%clk 1:00:06]} 20. Nxg5 {[%clk 0:51:45]} Qxg5 {[%clk 1:00:33]} 21. a3
{[%clk 0:42:45]} g6 {[%clk 0:52:35]} 22. Rae1 {[%clk 0:41:23]} Kg7
{[%clk 0:52:52]} 23. Re3 {[%clk 0:35:07]} Bd7 {[%clk 0:45:59]} 24. Rg3
{[%clk 0:33:21]} Qf6 {[%clk 0:38:09]} 25. f4 {[%clk 0:28:15]} exf4
{[%clk 0:20:24]} 26. e5 {[%clk 0:27:18]} dxe5 {[%clk 0:17:19]} 27. dxe5
{[%clk 0:27:46]} Qe7 {[%clk 0:17:41]} 28. Rxg6+ {[%clk 0:24:45]} fxg6
{[%clk 0:16:40]} 29. Qxg6+ {[%clk 0:25:08]} Kh8 {[%clk 0:17:05]} 30. Qxh6+
{[%clk 0:25:34]} Kg8 {[%clk 0:17:18]} 31. Bb3+ {[%clk 0:25:57]} Rf7
{[%clk 0:17:13]} 32. Rxf4 {[%clk 0:25:23]} Raf8 {[%clk 0:16:36]} 33. Qg6+
{[%clk 0:25:22]} Kh8 {[%clk 0:16:49]} 34. Bxf7 {[%clk 0:25:17]} 1-0

[Event "5th European Small Nations"]
[Site "Andorra la Vella"]
[Date "2017.11.17"]
[Round "8.10"]
[White "Constantinou, Pavlos"]
[Black "Nielsen, Hogni Egilstoft"]
[Result "0-1"]
[BlackElo "2354"]
[WhiteElo "2057"]
[LiveChessVersion "1.4.8"]

1. e4 {[%clk 1:30:57]} e5 {[%clk 1:30:46]} 2. Nf3 {[%clk 1:31:19]} Nc6
{[%clk 1:31:01]} 3. Bb5 {[%clk 1:31:38]} a6 {[%clk 1:31:13]} 4. Ba4
{[%clk 1:31:59]} Nf6 {[%clk 1:31:26]} 5. d3 {[%clk 1:32:20]} b5 {[%clk 1:30:50]}
6. Bb3 {[%clk 1:32:42]} Be7 {[%clk 1:30:49]} 7. O-O {[%clk 1:32:58]} d6
{[%clk 1:27:59]} 8. a4 {[%clk 1:33:11]} b4 {[%clk 1:26:39]} 9. a5
{[%clk 1:33:33]} O-O {[%clk 1:24:54]} 10. Nbd2 {[%clk 1:33:52]} Rb8
{[%clk 1:17:58]} 11. Re1 {[%clk 1:32:44]} h6 {[%clk 1:16:42]} 12. Nc4
{[%clk 1:31:32]} Re8 {[%clk 1:06:05]} 13. h3 {[%clk 1:30:47]} Bf8
{[%clk 1:05:59]} 14. Be3 {[%clk 1:29:36]} g6 {[%clk 0:58:31]} 15. c3
{[%clk 1:25:09]} Bg7 {[%clk 0:55:18]} 16. Qc2 {[%clk 1:22:49]} Qe7
{[%clk 0:49:28]} 17. Ba4 {[%clk 1:18:33]} Bd7 {[%clk 0:49:12]} 18. Bxc6
{[%clk 1:14:07]} Bxc6 {[%clk 0:48:22]} 19. cxb4 {[%clk 1:14:20]} Ba8
{[%clk 0:43:44]} 20. Bd2 {[%clk 1:13:37]} Nh5 {[%clk 0:42:41]} 21. Ne3
{[%clk 1:10:31]} Nf4 {[%clk 0:40:23]} 22. Qc4 {[%clk 1:10:19]} Rb5
{[%clk 0:36:33]} 23. Rac1 {[%clk 1:09:01]} Qe6 {[%clk 0:34:17]} 24. Nf1
{[%clk 1:05:19]} d5 {[%clk 0:30:16]} 25. Qb3 {[%clk 0:53:04]} dxe4
{[%clk 0:25:39]} 26. Qxe6 {[%clk 0:51:02]} fxe6 {[%clk 0:22:47]} 27. Bxf4
{[%clk 0:47:29]} exf4 {[%clk 0:18:37]} 28. dxe4 {[%clk 0:46:56]} Re7
{[%clk 0:17:35]} 29. Rc4 {[%clk 0:42:22]} Rd7 {[%clk 0:14:17]} 30. N1d2
{[%clk 0:41:13]} Bf8 {[%clk 0:10:25]} 31. Rec1 {[%clk 0:38:26]} Rxb4
{[%clk 0:08:33]} 32. Rxc7 {[%clk 0:37:59]} Rxc7 {[%clk 0:08:57]} 33. Rxc7
{[%clk 0:38:25]} Rxb2 {[%clk 0:08:57]} 34. Kf1 {[%clk 0:29:29]} Rb8
{[%clk 0:06:02]} 35. Nd4 {[%clk 0:18:52]} Bb4 {[%clk 0:05:19]} 36. N4b3
{[%clk 0:18:26]} Bd6 {[%clk 0:03:01]} 37. Rd7 {[%clk 0:18:08]} Ba3
{[%clk 0:02:45]} 38. Rc7 {[%clk 0:17:01]} Bd6 {[%clk 0:02:20]} 39. Rd7
{[%clk 0:17:22]} Ba3 {[%clk 0:02:49]} 40. Ke2 {[%clk 0:34:19]} Bc6
{[%clk 0:31:25]} 41. Rc7 {[%clk 0:34:38]} Bb5+ {[%clk 0:28:28]} 42. Kf3
{[%clk 0:34:22]} Bd6 {[%clk 0:26:31]} 43. Ra7 {[%clk 0:34:33]} e5
{[%clk 0:22:27]} 44. Kg4 {[%clk 0:27:13]} Be2+ {[%clk 0:14:32]} 45. f3
{[%clk 0:25:49]} Bb5 {[%clk 0:13:45]} 46. h4 {[%clk 0:24:05]} Rd8
{[%clk 0:13:27]} 47. h5 {[%clk 0:19:34]} Rd7 {[%clk 0:11:53]} 48. Ra8+
{[%clk 0:18:55]} Kg7 {[%clk 0:12:17]} 49. hxg6 {[%clk 0:19:05]} Kxg6
{[%clk 0:11:10]} 50. Rg8+ {[%clk 0:18:16]} Kh7 {[%clk 0:08:51]} 51. Ra8
{[%clk 0:17:11]} Kg6 {[%clk 0:06:23]} 52. Rg8+ {[%clk 0:17:32]} Rg7
{[%clk 0:05:13]} 53. Rxg7+ {[%clk 0:17:28]} Kxg7 {[%clk 0:05:42]} 54. Kh3
{[%clk 0:15:43]} Kf6 {[%clk 0:05:33]} 55. g3 {[%clk 0:12:13]} fxg3
{[%clk 0:02:46]} 56. Kxg3 {[%clk 0:12:41]} Kg5 {[%clk 0:03:01]} 57. f4+
{[%clk 0:10:41]} exf4+ {[%clk 0:03:30]} 58. Kf3 {[%clk 0:11:08]} Bb4
{[%clk 0:03:11]} 59. Nd4 {[%clk 0:10:23]} Bxd2 {[%clk 0:02:30]} 60. Nxb5
{[%clk 0:10:52]} axb5 {[%clk 0:02:46]} 0-1